Study to develop a rational land use policy for rubber and oil palm planting (Record no. 40165)

MARC details
000 -LEADER
fixed length control field 00379nam a2200121Ia 4500
082 ## - DEWEY DECIMAL CLASSIFICATION NUMBER
Classification number NR:63ASR
Item number RRM.7;2
100 ## - MAIN ENTRY--AUTHOR NAME
Personal name Ariffin Bin Mohd Nor
245 #0 - TITLE STATEMENT
Title Study to develop a rational land use policy for rubber and oil palm planting
260 ## - PUBLICATION, DISTRIBUTION, ETC. (IMPRINT)
Place of publication Malaysia
Name of publisher RRIM
Year of publication 1979
490 ## - SERIES STATEMENT
Series statement Agricultural Series Report.No. 7
942 ## - ADDED ENTRY ELEMENTS (KOHA)
Koha item type Books
Holdings
Withdrawn status Lost status Damaged status Not for loan Home library Current library Date acquired Cost, normal purchase price Full call number Accession Number Koha item type
        RRII Library RRII Library 16/12/2021 3.00 NR:63ASR RRM.7;2 20472 Books